| 000 | 00598nam a22002057a 4500 | ||
|---|---|---|---|
| 999 |
_c168285 _d168285 |
||
| 005 | 20191003114329.0 | ||
| 010 | _aB-730474 | ||
| 020 |
_c525.00 _a9789352751044 |
||
| 035 | _aB-730474 | ||
| 037 |
_bScholastic Inc _adpl |
||
| 082 | _aS | ||
| 100 | _aTelgemeier, Raina | ||
| 245 |
_aSmile / _bby Raina Telgemeier; color by Stephanie Yue |
||
| 260 |
_aNew York _bScholastic Inc _c2017 |
||
| 270 | _bNew York | ||
| 300 |
_a213p. _c21cm (pbk) _billus. |
||
| 700 | _aYue, Stephanie | ||
| 942 |
_2ddc _cCH _hS _mTEL |
||